[Event "Litomysl Open 2018"]
[Site "Litomysl, Domov mladeze VOSP "]
[Date "2018.12.29"]
[Round "5.6"]
[White "Lorenc, Oldrich"]
[Black "Chetverik, Maxim"]
[Result "0-1"]
[WhiteElo "2069"]
[BlackElo "2209"]
[PlyCount "56"]
[EventDate "2018.12.26"]
[EventType "swiss"]
[EventRounds "9"]
[EventCountry "CZE"]
[SourceTitle "Ajedrez en Madrid"]
[Source "lmi"]
[SourceDate "2018.12.26"]
[SourceVersion "1"]
[SourceVersionDate "2019.01.04"]
[SourceQuality "1"]

1. c4 f5 2. Nf3 Nf6 3. g3 e6 4. Bg2 Be7 5. d3 d6 6. Nc3 O-O 7. O-O c6 8. e4
fxe4 9. dxe4 e5 10. h3 Kh8 11. Kh2 Na6 12. Qe2 Nc5 13. Rd1 Qc7 14. Nh4 Ne8 15.
b4 Na6 16. Nf5 Nxb4 17. Rb1 Na6 18. Nxe7 Qxe7 19. Ba3 Be6 20. Rd2 b6 21. Rbd1
Nc5 22. Bxc5 dxc5 23. Qh5 Bxc4 24. Rd7 Qf6 25. f3 Be6 26. Rb7 Bc8 27. Rdd7 Bxb7
28. Rxb7 Nd6 0-1

[Event "Litomysl Open 2018"]
[Site "Litomysl, Domov mladeze VOSP "]
[Date "2018.12.29"]
[Round "5.7"]
[White "Kastner, Oldrich"]
[Black "Daniel, Damian"]
[Result "1/2-1/2"]
[WhiteElo "2020"]
[BlackElo "2152"]
[PlyCount "74"]
[EventDate "2018.12.26"]
[EventType "swiss"]
[EventRounds "9"]
[EventCountry "CZE"]
[SourceTitle "Ajedrez en Madrid"]
[Source "lmi"]
[SourceDate "2018.12.26"]
[SourceVersion "1"]
[SourceVersionDate "2019.01.04"]
[SourceQuality "1"]

1. Nf3 g6 2. d4 Bg7 3. e4 d6 4. Bc4 Nf6 5. Nc3 O-O 6. O-O c6 7. Bb3 Qc7 8. Re1
e5 9. dxe5 dxe5 10. Be3 Na6 11. Qc1 Ng4 12. Bg5 Nc5 13. h3 Nf6 14. Bh6 a5 15.
Bxg7 Kxg7 16. Qe3 b6 17. Bc4 Nh5 18. Ne2 Be6 19. Bxe6 Nxe6 20. Rad1 Rfd8 21. g3
Nf6 22. Qc3 Nxe4 23. Qxe5+ Qxe5 24. Nxe5 c5 25. Nc6 Rxd1 26. Rxd1 a4 27. f3 Nf6
28. a3 Rc8 29. Na7 Re8 30. Kf2 Kf8 31. Nc3 Nd4 32. Rd2 Nd7 33. Nab5 Nxb5 34.
Nxb5 Ne5 35. Nd6 Rd8 36. Nc4 Rxd2+ 37. Nxd2 Ke7 1/2-1/2

[Event "Litomysl Open 2018"]
[Site "Litomysl, Domov mladeze VOSP "]
[Date "2018.12.29"]
[Round "5.8"]
[White "Tioka, Zdenek"]
[Black "Pekar, Vaclav"]
[Result "0-1"]
[WhiteElo "1914"]
[BlackElo "2148"]
[PlyCount "48"]
[EventDate "2018.12.26"]
[EventType "swiss"]
[EventRounds "9"]
[EventCountry "CZE"]
[SourceTitle "Ajedrez en Madrid"]
[Source "lmi"]
[SourceDate "2018.12.26"]
[SourceVersion "1"]
[SourceVersionDate "2019.01.04"]
[SourceQuality "1"]

1. e4 c5 2. Nc3 g6 3. f4 Bg7 4. Nf3 Nc6 5. Bb5 Nd4 6. a4 e6 7. O-O Ne7 8. d3
O-O 9. e5 d5 10. exd6 Nef5 11. Ne4 Nxd6 12. Nxd6 Qxd6 13. Bc4 b6 14. c3 Nf5 15.
Qe2 Bb7 16. Bd2 a6 17. Rad1 b5 18. axb5 axb5 19. Bxb5 Qb6 20. Bc4 Bxf3 21. Rxf3
Qxb2 22. Qe1 Rfb8 23. d4 cxd4 24. cxd4 Qxd4+ 0-1

[Event "Litomysl Open 2018"]
[Site "Litomysl, Domov mladeze VOSP "]
[Date "2018.12.29"]
[Round "5.9"]
[White "Hocevar, Nikola"]
[Black "Swicarz, Maciej"]
[Result "0-1"]
[WhiteElo "1925"]
[BlackElo "2331"]
[PlyCount "44"]
[EventDate "2018.12.26"]
[EventType "swiss"]
[EventRounds "9"]
[EventCountry "CZE"]
[SourceTitle "Ajedrez en Madrid"]
[Source "lmi"]
[SourceDate "2018.12.26"]
[SourceVersion "1"]
[SourceVersionDate "2019.01.04"]
[SourceQuality "1"]

1. g3 e5 2. c4 h5 3. h4 Nc6 4. Nc3 Bc5 5. Bg2 a6 6. Ne4 Ba7 7. d3 d6 8. Bg5 f6
9. Bd2 Bg4 10. Nf3 Qd7 11. Nh2 Bh3 12. Bxh3 Qxh3 13. e3 O-O-O 14. Qf3 d5 15.
Nc3 Nb4 16. Ke2 dxc4 17. dxc4 Qd7 18. Nd5 Nxd5 19. Qxd5 Qxd5 20. cxd5 Rxd5 21.
e4 Rd7 22. Rac1 Bxf2 0-1

[Event "Litomysl Open 2018"]
[Site "Litomysl, Domov mladeze VOSP "]
[Date "2018.12.29"]
[Round "5.10"]
[White "Sacharewicz, Krzysztof"]
[Black "Houska, Bronislav"]
[Result "1/2-1/2"]
[WhiteElo "1833"]
[BlackElo "2043"]
[PlyCount "178"]
[EventDate "2018.12.26"]
[EventType "swiss"]
[EventRounds "9"]
[EventCountry "CZE"]
[SourceTitle "Ajedrez en Madrid"]
[Source "lmi"]
[SourceDate "2018.12.26"]
[SourceVersion "1"]
[SourceVersionDate "2019.01.04"]
[SourceQuality "1"]

1. d4 d6 2. c4 e5 3. dxe5 dxe5 4. Qxd8+ Kxd8 5. Nf3 f6 6. Nc3 c6 7. Bd2 Be6 8.
e4 a5 9. Be3 Kc7 10. Be2 Nd7 11. O-O-O Ne7 12. h3 Nc8 13. b3 Ncb6 14. Kc2 Bc5
15. Bxc5 Nxc5 16. a4 Rhd8 17. Rxd8 Rxd8 18. Rd1 Rxd1 19. Bxd1 Nc8 20. Ne1 Nd6
21. f3 Bf7 22. Nd3 Kb6 23. Kd2 Nxd3 24. Kxd3 Kc5 25. h4 Kb4 26. Na2+ Kc5 27.
Nc3 Ne8 28. g3 Nc7 29. Na2 Ne6 30. Kc3 Nd4 31. Nc1 Kd6 32. Nd3 b6 33. b4 axb4+
34. Nxb4 Bh5 35. g4 Be8 36. Nd3 Ne6 37. Bc2 h5 38. Nf2 Nf4 39. Nh1 hxg4 40.
fxg4 Ng2 41. h5 Ne3 42. Ng3 Bd7 43. Nf5+ Bxf5 44. gxf5 Kc5 45. Bb3 Nf1 46. Bd1
Ne3 47. Bb3 Ng2 48. Bd1 Nf4 49. Bf3 Nh3 50. Be2 Ng5 51. Bd3 Nf7 52. Be2 Nd6 53.
Bd3 Ne8 54. Bc2 Nc7 55. Bd3 Na6 56. Bc2 Kd6 57. Bb1 Kc7 58. Bc2 Kb7 59. Bb1 Nc5
60. Kb4 Na6+ 61. Kc3 Nc7 62. Kb4 Na6+ 63. Kc3 Kc8 64. Bd3 Kd7 65. Bc2 Nc5 66.
Kb4 Nb7 67. Bd3 Kd6 68. Bc2 Ke7 69. Kc3 Kf8 70. Kd3 Kg8 71. Ke3 Kh7 72. Kf3 Kh6
73. Kg4 Na5 74. Bd3 Nb3 75. Bc2 Nd2 76. c5 bxc5 77. a5 Nc4 78. a6 Nb6 79. a7 c4
80. Kf3 Kxh5 81. Ba4 c3 82. Ke2 g5 83. fxg6 Kxg6 84. Bxc6 f5 85. exf5+ Kxf5 86.
Kd3 Ke6 87. Kxc3 Kd6 88. Be4 Kc5 89. Bf3 Na8 1/2-1/2

[Event "Litomysl Open 2018"]
[Site "Litomysl, Domov mladeze VOSP "]
[Date "2018.12.29"]
[Round "5.11"]
[White "Bystrov, Sergej"]
[Black "Galvanek, Ladislav"]
[Result "1/2-1/2"]
[WhiteElo "2233"]
[BlackElo "1963"]
[PlyCount "68"]
[EventDate "2018.12.26"]
[EventType "swiss"]
[EventRounds "9"]
[EventCountry "CZE"]
[SourceTitle "Ajedrez en Madrid"]
[Source "lmi"]
[SourceDate "2018.12.26"]
[SourceVersion "1"]
[SourceVersionDate "2019.01.04"]
[SourceQuality "1"]

1. b3 d5 2. Bb2 c5 3. e3 Nc6 4. Nf3 Bg4 5. Be2 e6 6. h3 Bh5 7. O-O Nf6 8. d4 a6
9. Nbd2 cxd4 10. exd4 Bd6 11. a3 O-O 12. Ne5 Bxe2 13. Qxe2 Rc8 14. Rac1 Re8 15.
Rfe1 Qb6 16. Qd3 Ne7 17. g3 Nf5 18. Kg2 Bxe5 19. Rxe5 Nd7 20. Ree1 Nd6 21. c4
dxc4 22. Nxc4 Qb5 23. Ne5 Qxd3 24. Nxd3 Nf6 25. h4 Nd5 26. Kf3 b6 27. Ne5 Rxc1
28. Rxc1 Rc8 29. Nc4 Nf5 30. Ke4 f6 31. h5 b5 32. Nd2 Rxc1 33. Bxc1 Kf7 34. Kd3
Nd6 1/2-1/2

[Event "Litomysl Open 2018"]
[Site "Litomysl, Domov mladeze VOSP "]
[Date "2018.12.29"]
[Round "5.13"]
[White "Svanda, Adam"]
[Black "Macek, Ondrej"]
[Result "0-1"]
[WhiteElo "1932"]
[BlackElo "1813"]
[PlyCount "60"]
[EventDate "2018.12.26"]
[EventType "swiss"]
[EventRounds "9"]
[EventCountry "CZE"]
[SourceTitle "Ajedrez en Madrid"]
[Source "lmi"]
[SourceDate "2018.12.26"]
[SourceVersion "1"]
[SourceVersionDate "2019.01.04"]
[SourceQuality "1"]

1. c4 Nf6 2. Nc3 c6 3. Nf3 d5 4. e3 e6 5. b3 Be7 6. Bb2 O-O 7. Qc2 Nbd7 8. Rg1
e5 9. d3 Re8 10. g4 d4 11. Ne2 Bb4+ 12. Nd2 Nc5 13. exd4 exd4 14. O-O-O Bxg4
15. a3 Bc3 16. Bxc3 dxc3 17. Ne4 Ncxe4 18. dxe4 Qe7 19. Rd3 Qxa3+ 20. Kb1 Bxe2
21. Bxe2 Nxe4 22. Rxc3 Nxc3+ 23. Qxc3 g6 24. Bd3 a5 25. Qc2 Qb4 26. Kb2 Re6 27.
f4 a4 28. f5 axb3 29. Qxb3 Qxb3+ 30. Kxb3 Re3 0-1

[Event "Litomysl Open 2018"]
[Site "Litomysl, Domov mladeze VOSP "]
[Date "2018.12.29"]
[Round "5.19"]
[White "Prachar, Josef"]
[Black "Ulcak, Michael"]
[Result "1-0"]
[WhiteElo "1827"]
[BlackElo "1464"]
[PlyCount "85"]
[EventDate "2018.12.26"]
[EventType "swiss"]
[EventRounds "9"]
[EventCountry "CZE"]
[SourceTitle "Ajedrez en Madrid"]
[Source "lmi"]
[SourceDate "2018.12.26"]
[SourceVersion "1"]
[SourceVersionDate "2019.01.04"]
[SourceQuality "1"]

1. d4 Nf6 2. c4 g6 3. Nc3 d5 4. cxd5 Nxd5 5. Bd2 Bg7 6. e4 Nf6 7. Nf3 O-O 8. h3
b6 9. Bd3 Bb7 10. Qe2 Nfd7 11. O-O e5 12. Be3 exd4 13. Nxd4 Nc5 14. Bc2 Bxd4
15. Rad1 Ba6 16. Rxd4 Bxe2 17. Rxd8 Rxd8 18. Nxe2 Nba6 19. a3 Rd7 20. b4 Ne6
21. f4 c5 22. bxc5 Nexc5 23. e5 Rad8 24. f5 Nc7 25. Bg5 Re8 26. e6 fxe6 27.
fxg6 hxg6 28. Bxg6 Rf8 29. Rxf8+ Kxf8 30. h4 Nb5 31. h5 Kg7 32. Kf2 Nxa3 33.
Nf4 b5 34. h6+ Kg8 35. Nh5 Nd3+ 36. Ke2 Nf4+ 37. Bxf4 Nc4 38. Nf6+ Kh8 39. Nxd7
b4 40. Ne5 Nd6 41. Nf7+ Nxf7 42. Bxf7 b3 43. Bxe6 1-0

[Event "Litomysl Open 2018"]
[Site "Litomysl, Domov mladeze VOSP "]
[Date "2018.12.29"]
[Round "5.22"]
[White "Svoboda, Frantisek"]
[Black "Krawczyk, Eryk"]
[Result "1-0"]
[WhiteElo "1699"]
[BlackElo "1000"]
[PlyCount "43"]
[EventDate "2018.12.26"]
[EventType "swiss"]
[EventRounds "9"]
[EventCountry "CZE"]
[SourceTitle "Ajedrez en Madrid"]
[Source "lmi"]
[SourceDate "2018.12.26"]
[SourceVersion "1"]
[SourceVersionDate "2019.01.04"]
[SourceQuality "1"]

1. f4 d5 2. e3 Nc6 3. Nf3 e6 4. c3 Nf6 5. d4 Bd6 6. Bd3 Bd7 7. Qe2 a6 8. O-O
O-O 9. Bd2 Qe7 10. Be1 Ne8 11. Bh4 f6 12. Nbd2 g6 13. Ne5 g5 14. Nxd7 Qxd7 15.
fxg5 fxg5 16. Rxf8+ Bxf8 17. Bxg5 Ng7 18. Rf1 Re8 19. Qg4 h5 20. Qh4 Nf5 21.
Qxh5 Ng7 22. Qh7# 1-0

[Event "Litomysl Open 2018"]
[Site "Litomysl, Domov mladeze VOSP "]
[Date "2018.12.29"]
[Round "5.26"]
[White "Smietanska, Wiktoria"]
[Black "Zimny, Jakub"]
[Result "1-0"]
[WhiteElo "1503"]
[BlackElo "1279"]
[PlyCount "82"]
[EventDate "2018.12.26"]
[EventType "swiss"]
[EventRounds "9"]
[EventCountry "CZE"]
[SourceTitle "Ajedrez en Madrid"]
[Source "lmi"]
[SourceDate "2018.12.26"]
[SourceVersion "1"]
[SourceVersionDate "2019.01.04"]
[SourceQuality "1"]

1. d4 d5 2. Bf4 Nf6 3. e3 c6 4. c3 Bf5 5. Bd3 Bg6 6. Nf3 e6 7. O-O Be7 8. Ne5
Nbd7 9. h3 Nxe5 10. Bxe5 Bd6 11. Bxd6 Qxd6 12. Qe2 O-O 13. Nd2 Rac8 14. e4 dxe4
15. Nxe4 Bxe4 16. Bxe4 Nxe4 17. Qxe4 Qd5 18. Qe3 Rfd8 19. Rfd1 b6 20. a3 c5 21.
Rd2 e5 22. Rad1 exd4 23. cxd4 c4 24. Re2 h6 25. Qe5 Kf8 26. Qe7+ Kg8 27. Qxa7
Qb5 28. Re7 Ra8 29. Qc7 Rac8 30. Qf4 Qh5 31. Rde1 f6 32. Qe4 Rb8 33. Qe6+ Kh8
34. Qxc4 Re8 35. Rxe8+ Rxe8 36. Rxe8+ Qxe8 37. d5 Qe1+ 38. Kh2 Qe5+ 39. f4 Qxb2
40. d6 Qd2 41. Qb4 Kh7 1-0

[Event "Litomysl Open 2018"]
[Site "Litomysl, Domov mladeze VOSP "]
[Date "2018.12.29"]
[Round "6.1"]
[White "Cerveny, Petr"]
[Black "Simacek, Pavel"]
[Result "1/2-1/2"]
[WhiteElo "2319"]
[BlackElo "2478"]
[PlyCount "36"]
[EventDate "2018.12.26"]
[EventType "swiss"]
[EventRounds "9"]
[EventCountry "CZE"]
[SourceTitle "Ajedrez en Madrid"]
[Source "lmi"]
[SourceDate "2018.12.26"]
[SourceVersion "1"]
[SourceVersionDate "2019.01.04"]
[SourceQuality "1"]

1. e4 e5 2. Nf3 d6 3. d4 Nf6 4. dxe5 Nxe4 5. Qd5 Nc5 6. Bg5 Be7 7. exd6 Qxd6 8.
Qxd6 Bxd6 9. Nc3 a6 10. O-O-O Nc6 11. Bc4 Be6 12. Rhe1 O-O 13. Bd5 Bxd5 14.
Nxd5 Rfe8 15. Rxe8+ Rxe8 16. Be3 Ne4 17. g3 f6 18. c3 Kf7 1/2-1/2

[Event "Litomysl Open 2018"]
[Site "Litomysl, Domov mladeze VOSP "]
[Date "2018.12.29"]
[Round "6.2"]
[White "Pekar, Vaclav"]
[Black "Koziol, Kamil"]
[Result "1-0"]
[WhiteElo "2148"]
[BlackElo "2281"]
[PlyCount "69"]
[EventDate "2018.12.26"]
[EventType "swiss"]
[EventRounds "9"]
[EventCountry "CZE"]
[SourceTitle "Ajedrez en Madrid"]
[Source "lmi"]
[SourceDate "2018.12.26"]
[SourceVersion "1"]
[SourceVersionDate "2019.01.04"]
[SourceQuality "1"]

1. d4 d5 2. Bf4 Nf6 3. e3 c5 4. c3 Qb6 5. Qb3 c4 6. Qc2 g6 7. b3 Bf5 8. Qb2 Nc6
9. Nf3 Bg7 10. h3 O-O 11. Nbd2 Rac8 12. Be2 Rfe8 13. O-O Ne4 14. g4 Nxd2 15.
Qxd2 Be4 16. bxc4 dxc4 17. Ng5 Bd3 18. Bxd3 cxd3 19. Qxd3 e5 20. Bg3 Qd8 21.
Ne4 exd4 22. cxd4 Nb4 23. Qb3 Rxe4 24. Qxb4 b6 25. Rac1 h5 26. Qb1 Re8 27. gxh5
Rxc1 28. Rxc1 gxh5 29. Qf5 h4 30. Rc7 Bf6 31. Bf4 Re6 32. d5 Re8 33. Rd7 Qc8
34. Qxf6 Qxd7 35. Bh6 1-0

[Event "Litomysl Open 2018"]
[Site "Litomysl, Domov mladeze VOSP "]
[Date "2018.12.29"]
[Round "6.3"]
[White "Chetverik, Maxim"]
[Black "Svanda, Ondrej"]
[Result "1/2-1/2"]
[WhiteElo "2209"]
[BlackElo "2241"]
[PlyCount "44"]
[EventDate "2018.12.26"]
[EventType "swiss"]
[EventRounds "9"]
[EventCountry "CZE"]
[SourceTitle "Ajedrez en Madrid"]
[Source "lmi"]
[SourceDate "2018.12.26"]
[SourceVersion "1"]
[SourceVersionDate "2019.01.04"]
[SourceQuality "1"]

1. d4 Nf6 2. c4 c5 3. d5 b5 4. cxb5 a6 5. Nc3 axb5 6. e4 b4 7. Nb5 d6 8. a4
Nxe4 9. Bc4 Nf6 10. Qe2 Ra6 11. Bg5 h6 12. Bxf6 gxf6 13. Nf3 Bg7 14. b3 f5 15.
Rd1 Bf6 16. O-O Kf8 17. Rfe1 Ra8 18. Qc2 Na6 19. Nd2 Nc7 20. Nxc7 Qxc7 21. f4
Rg8 22. Re2 Rg4 1/2-1/2

[Event "Litomysl Open 2018"]
[Site "Litomysl, Domov mladeze VOSP "]
[Date "2018.12.29"]
[Round "6.4"]
[White "Swicarz, Maciej"]
[Black "Kastner, Oldrich"]
[Result "1-0"]
[WhiteElo "2331"]
[BlackElo "2020"]
[PlyCount "75"]
[EventDate "2018.12.26"]
[EventType "swiss"]
[EventRounds "9"]
[EventCountry "CZE"]
[SourceTitle "Ajedrez en Madrid"]
[Source "lmi"]
[SourceDate "2018.12.26"]
[SourceVersion "1"]
[SourceVersionDate "2019.01.04"]
[SourceQuality "1"]

1. b3 d5 2. Bb2 Bf5 3. e3 e6 4. c4 c6 5. Nf3 Nd7 6. Be2 h6 7. d3 Ngf6 8. Nbd2
Be7 9. O-O O-O 10. Re1 a5 11. Bf1 a4 12. e4 dxe4 13. dxe4 Bg4 14. h3 Bh5 15. e5
Bxf3 16. Nxf3 Nh7 17. Qc2 Re8 18. Rad1 Qc7 19. Bc3 axb3 20. axb3 Red8 21. Nd2
Nhf8 22. b4 Ng6 23. Qb2 b6 24. g3 Ra4 25. Nf3 Rda8 26. Ra1 Rxa1 27. Rxa1 Rxa1
28. Qxa1 Qb7 29. Ne1 f5 30. exf6 Bxf6 31. Bxf6 gxf6 32. Bg2 Qc8 33. Nc2 c5 34.
b5 Nge5 35. Ne3 Qb8 36. Qd1 Qc7 37. f4 Nf7 38. Qg4+ 1-0

[Event "Litomysl Open 2018"]
[Site "Litomysl, Domov mladeze VOSP "]
[Date "2018.12.29"]
[Round "6.5"]
[White "Michenka, Jozef"]
[Black "Dowgird, Filip"]
[Result "0-1"]
[WhiteElo "2274"]
[BlackElo "2236"]
[PlyCount "116"]
[EventDate "2018.12.26"]
[EventType "swiss"]
[EventRounds "9"]
[EventCountry "CZE"]
[SourceTitle "Ajedrez en Madrid"]
[Source "lmi"]
[SourceDate "2018.12.26"]
[SourceVersion "1"]
[SourceVersionDate "2019.01.04"]
[SourceQuality "1"]

1. d4 d6 2. Nf3 Nf6 3. b3 Bg4 4. Nbd2 Nbd7 5. Bb2 c6 6. h3 Bh5 7. e3 Qc7 8. g4
Bg6 9. Nh4 e6 10. Bg2 d5 11. Nxg6 hxg6 12. Qe2 Bb4 13. c3 Bd6 14. g5 Nh5 15. h4
O-O-O 16. O-O-O Qa5 17. Kb1 e5 18. c4 e4 19. Rc1 Kb8 20. Rc2 f5 21. Rhc1 f4 22.
Bc3 Qa6 23. Bf1 fxe3 24. Qxe3 Bf4 25. Qh3 Qb6 26. Qe6 Nf8 27. Qg4 Nh7 28. Bh3
a5 29. Qe6 Bc7 30. cxd5 Nf4 31. Qg4 Rxd5 32. Nc4 Qa7 33. Ne3 Rdd8 34. Bf1 Rhe8
35. Bc4 Nf8 36. Rd1 Nd5 37. Nxd5 cxd5 38. Bb5 Re7 39. Bd2 Ne6 40. Be3 Qb6 41.
a4 Qd6 42. Ka2 Qb4 43. Bd2 Qxd4 44. Bxa5 Qe5 45. Bb4 Rf7 46. Ba3 Rf4 47. Qg3
Qf5 48. Rdc1 Be5 49. Bb2 d4 50. Bc4 Rf3 51. Qg1 Nf4 52. Qe1 d3 53. Bxd3 Rfxd3
54. Rc5 Rd2 55. Rc8+ Qxc8 56. Rxc8+ Kxc8 57. Qxe4 Rxb2+ 58. Ka3 Nd3 0-1

[Event "Litomysl Open 2018"]
[Site "Litomysl, Domov mladeze VOSP "]
[Date "2018.12.29"]
[Round "6.6"]
[White "Daniel, Damian"]
[Black "Getmanchuk, Andrei V"]
[Result "0-1"]
[WhiteElo "2152"]
[BlackElo "2140"]
[PlyCount "42"]
[EventDate "2018.12.26"]
[EventType "swiss"]
[EventRounds "9"]
[EventCountry "CZE"]
[SourceTitle "Ajedrez en Madrid"]
[Source "lmi"]
[SourceDate "2018.12.26"]
[SourceVersion "1"]
[SourceVersionDate "2019.01.04"]
[SourceQuality "1"]

1. d4 d5 2. Nf3 Nf6 3. g3 g6 4. Bg2 Bg7 5. O-O O-O 6. b3 Ne4 7. Bb2 c5 8. e3
Nc6 9. Ne5 Qc7 10. Nxc6 bxc6 11. Nd2 f5 12. Re1 Ba6 13. c3 Qa5 14. Qc2 e5 15.
Nf3 f4 16. Nxe5 fxg3 17. f4 gxh2+ 18. Kh1 Bxe5 19. dxe5 Bd3 20. Qc1 Qd8 21. Rf1
Ng3+ 0-1

[Event "Litomysl Open 2018"]
[Site "Litomysl, Domov mladeze VOSP "]
[Date "2018.12.29"]
[Round "6.7"]
[White "Sabol, Marian"]
[Black "Sokolski, Aleksander"]
[Result "1-0"]
[WhiteElo "2298"]
[BlackElo "1931"]
[PlyCount "103"]
[EventDate "2018.12.26"]
[EventType "swiss"]
[EventRounds "9"]
[EventCountry "CZE"]
[SourceTitle "Ajedrez en Madrid"]
[Source "lmi"]
[SourceDate "2018.12.26"]
[SourceVersion "1"]
[SourceVersionDate "2019.01.04"]
[SourceQuality "1"]

1. d4 d5 2. c4 e6 3. Nf3 Nf6 4. g3 c6 5. Bg2 Bd6 6. O-O Nbd7 7. Nc3 O-O 8. b3
Re8 9. Bb2 b6 10. Re1 Bb7 11. Nh4 Bb4 12. a3 Bxc3 13. Bxc3 Ne4 14. Bxe4 dxe4
15. Ng2 e5 16. Ne3 Qc7 17. Qc2 c5 18. dxe5 Nxe5 19. Qb2 f6 20. Rad1 Rad8 21.
Bxe5 Qxe5 22. Qxe5 fxe5 23. Rxd8 Rxd8 24. Rd1 Rd4 25. Kf1 Kf7 26. Ke1 Ke6 27.
Nc2 Rxd1+ 28. Kxd1 Bc6 29. a4 g5 30. Kd2 h5 31. Ne3 Bb7 32. Ng2 Bc6 33. h4 g4
34. Ne3 Bb7 35. Nd1 Bc6 36. Ke3 Kf5 37. Nc3 a6 38. a5 bxa5 39. Na4 Ke6 40.
Nxc5+ Kd6 41. Nxe4+ Bxe4 42. Kxe4 Kc5 43. Kxe5 Kb4 44. Kd5 Kxb3 45. c5 a4 46.
c6 a3 47. c7 a2 48. c8=Q a1=Q 49. Qc4+ Kb2 50. Qd4+ Kb1 51. Qxa1+ Kxa1 52. e4
1-0

[Event "Litomysl Open 2018"]
[Site "Litomysl, Domov mladeze VOSP "]
[Date "2018.12.29"]
[Round "6.8"]
[White "Galvanek, Ladislav"]
[Black "Burnett, Andrew"]
[Result "0-1"]
[WhiteElo "1963"]
[BlackElo "2140"]
[PlyCount "86"]
[EventDate "2018.12.26"]
[EventType "swiss"]
[EventRounds "9"]
[EventCountry "CZE"]
[SourceTitle "Ajedrez en Madrid"]
[Source "lmi"]
[SourceDate "2018.12.26"]
[SourceVersion "1"]
[SourceVersionDate "2019.01.04"]
[SourceQuality "1"]

1. d4 Nf6 2. Bf4 d5 3. e3 c5 4. c3 Nc6 5. Nd2 e6 6. Ngf3 Bd6 7. Bg3 Qc7 8. Ne5
Nd7 9. f4 O-O 10. Bd3 f6 11. Nxc6 bxc6 12. O-O Rb8 13. b3 e5 14. fxe5 fxe5 15.
Rxf8+ Nxf8 16. Be2 cxd4 17. cxd4 exd4 18. Bxd6 Qxd6 19. exd4 Qf4 20. Nf3 Bg4
21. Qc1 Qf6 22. Qd2 Ne6 23. Rd1 Re8 24. Qe3 Re7 25. Qf2 Nf4 26. Bf1 Nh3+ 27.
gxh3 Bxf3 28. Rd3 Qg6+ 29. Qg3 Be4 30. Qxg6 Bxg6 31. Rc3 Be8 32. Bd3 Re1+ 33.
Kf2 Rh1 34. Kg2 Rd1 35. a3 g5 36. b4 h5 37. Kg3 Rd2 38. h4 gxh4+ 39. Kxh4 Rxh2+
40. Kg3 Rd2 41. Kf4 Rg2 42. Bf5 Kg7 43. Re3 Bf7 0-1

[Event "Litomysl Open 2018"]
[Site "Litomysl, Domov mladeze VOSP "]
[Date "2018.12.29"]
[Round "6.9"]
[White "Dzikowski, Michal"]
[Black "Tioka, Zdenek"]
[Result "1-0"]
[WhiteElo "2140"]
[BlackElo "1914"]
[PlyCount "69"]
[EventDate "2018.12.26"]
[EventType "swiss"]
[EventRounds "9"]
[EventCountry "CZE"]
[SourceTitle "Ajedrez en Madrid"]
[Source "lmi"]
[SourceDate "2018.12.26"]
[SourceVersion "1"]
[SourceVersionDate "2019.01.04"]
[SourceQuality "1"]

1. d4 Nf6 2. c4 g6 3. Nf3 Bg7 4. g3 O-O 5. Bg2 d6 6. Nc3 c6 7. O-O Nbd7 8. h3
e5 9. e4 Qe7 10. Re1 h6 11. Be3 Kh7 12. Rc1 a5 13. a3 Ne8 14. Qc2 b6 15. b4 Nc7
16. b5 c5 17. dxe5 Nxe5 18. Nd2 Bb7 19. f4 Nd7 20. Nd5 Bxd5 21. exd5 Qd8 22. f5
Nf6 23. fxg6+ fxg6 24. Nf3 Nd7 25. Nh4 Ne5 26. Be4 Qe8 27. Bf4 Kg8 28. Bxg6 Qd8
29. Bh7+ Kh8 30. Bxe5 dxe5 31. Ng6+ Kxh7 32. Nxf8+ Kg8 33. Qh7+ Kxf8 34. Rf1+
Bf6 35. Rxf6+ 1-0

[Event "Litomysl Open 2018"]
[Site "Litomysl, Domov mladeze VOSP "]
[Date "2018.12.29"]
[Round "6.10"]
[White "Slepov, Kyryl"]
[Black "Rokos, Filip"]
[Result "1-0"]
[WhiteElo "2140"]
[BlackElo "1882"]
[PlyCount "125"]
[EventDate "2018.12.26"]
[EventType "swiss"]
[EventRounds "9"]
[EventCountry "CZE"]
[SourceTitle "Ajedrez en Madrid"]
[Source "lmi"]
[SourceDate "2018.12.26"]
[SourceVersion "1"]
[SourceVersionDate "2019.01.04"]
[SourceQuality "1"]

1. e4 e6 2. d4 d5 3. Nd2 c5 4. exd5 Qxd5 5. Ngf3 cxd4 6. Bc4 Qd6 7. O-O Nf6 8.
Nb3 Nc6 9. Nbxd4 Nxd4 10. Qxd4 Qxd4 11. Nxd4 Bd7 12. Be2 Bc5 13. Nb3 Bb6 14. a4
Rc8 15. a5 Bd8 16. c3 O-O 17. a6 b6 18. Nd4 Be7 19. Rd1 Rfd8 20. Bf4 Be8 21.
Bg3 Ne4 22. Bf4 Bd6 23. Be3 Bb8 24. f3 Nf6 25. Bg5 Rd5 26. Bh4 Be5 27. Bf2 Rcd8
28. g3 Bb8 29. Re1 e5 30. Nb3 Bc6 31. c4 R5d7 32. Be3 h6 33. Rec1 e4 34. f4 Bd6
35. Kf2 h5 36. h3 Be7 37. Rc2 Rc8 38. Nd4 Ba8 39. Rac1 Bc5 40. Nb5 Rcd8 41. Rb1
Bc6 42. Nc3 g6 43. b4 Bxe3+ 44. Kxe3 Kg7 45. b5 Ba8 46. Rd1 Kh6 47. h4 Kg7 48.
Rcd2 Rxd2 49. Rxd2 Rxd2 50. Kxd2 Nd7 51. f5 gxf5 52. Bxh5 Ne5 53. Be2 Nd7 54.
Ke3 Nc5 55. Bf1 Kf6 56. Ne2 Nd7 57. Kf4 Ne5 58. Nd4 Ng6+ 59. Ke3 Ke5 60. Bh3
f4+ 61. gxf4+ Nxf4 62. Nc6+ Bxc6 63. bxc6 1-0

[Event "Litomysl Open 2018"]
[Site "Litomysl, Domov mladeze VOSP "]
[Date "2018.12.29"]
[Round "6.12"]
[White "Houska, Bronislav"]
[Black "Macek, Ondrej"]
[Result "1-0"]
[WhiteElo "2043"]
[BlackElo "1813"]
[PlyCount "53"]
[EventDate "2018.12.26"]
[EventType "swiss"]
[EventRounds "9"]
[EventCountry "CZE"]
[SourceTitle "Ajedrez en Madrid"]
[Source "lmi"]
[SourceDate "2018.12.26"]
[SourceVersion "1"]
[SourceVersionDate "2019.01.04"]
[SourceQuality "1"]

1. c4 Nf6 2. g3 c6 3. Bg2 d5 4. Nf3 Bf5 5. Qb3 b6 6. d3 e6 7. O-O Be7 8. cxd5
cxd5 9. Nc3 O-O 10. Rd1 Qc7 11. Bf4 Qc5 12. Rac1 Qb4 13. Qxb4 Bxb4 14. e4 Bxc3
15. Rxc3 dxe4 16. Ng5 Bg4 17. Rdc1 Nd5 18. Rc8 Na6 19. Rxf8+ Rxf8 20. Bd6 Rd8
21. dxe4 h6 22. exd5 hxg5 23. Be7 Rd7 24. d6 Nb4 25. Rc7 Rxc7 26. dxc7 e5 27.
Bxb4 1-0